| 000 | 02199cam a2200445 i 4500 | ||
|---|---|---|---|
| 999 |
_c2834 _d2834 |
||
| 001 | 18074312 | ||
| 003 | OSt | ||
| 005 | 20230823112713.0 | ||
| 008 | 140320r20142005nyu d 000 0 eng | ||
| 010 | _a 2014936251 | ||
| 015 |
_aGBA556425 _2bnb |
||
| 016 | 7 |
_a013245304 _2Uk |
|
| 020 | _a9780199569991 (hardback) | ||
| 035 | _a(OCoLC)ocm60837757 | ||
| 040 |
_aUKM _beng _cUKM _erda _dBWKUK _dVP@ _dNLGGC _dYDXCP _dLVB _dAU@ _dCGU _dDEBSZ _dHEBIS _dN5L _dOCLCF _dOQX _dDGU _dDLC _dKH8 |
||
| 042 |
_aukblsr _alccopycat |
||
| 082 | 0 | 4 |
_a428.1 OXF _222 |
| 130 | 0 | _aOxford spelling dictionary. | |
| 245 | 1 | 0 |
_aNew Oxford spelling dictionary / _cEdited by Maurice Waite. |
| 246 | 3 | _aWriters' and editors' guide to spelling and word division | |
| 250 | _aImpression: I. | ||
| 264 | 1 |
_aNew York, NY : _bOxford University Press, _c2014. |
|
| 264 | 4 | _c©2005 | |
| 300 |
_axii, 596 pages ; _c19 cm. |
||
| 336 |
_atext _btxt _2rdacontent |
||
| 337 |
_aunmediated _bn _2rdamedia |
||
| 338 |
_avolume _bnc _2rdacarrier |
||
| 500 | _aFirst edition published (as the Oxford Spelling Dictionary) 1986 -- Title page verso. | ||
| 500 | _aThe New Oxford Spelling Dictionary replaces the second edition of the Oxford Spelling Dictionary -- Preface. | ||
| 500 | _aVariant title from front cover of dust jacket. | ||
| 520 | 1 | _a"The New Oxford Spelling Dictionary is the quick and reliable way to check spelling and word division. Spellings are based on the Oxford language research programme, the largest in the world. The Dictionary includes both primary (preferred) and secondary breaks for every suitable word - offering essential guidance for writers, editors, typesetters, and proofreaders needing to make reliable and consistent decisions relating to line endings" -- BOOK JACKET. | |
| 650 | 0 |
_aEnglish language _xOrthography and spelling _vDictionaries. |
|
| 650 | 6 |
_aAnglais (Langue) _xOrthographe _vDictionnaires. |
|
| 650 | 1 | 7 |
_aSpelling. _2gtt |
| 650 | 0 | 7 |
_aRechtschreibung. _2swd |
| 651 | 7 |
_aEnglisch. _2swd |
|
| 700 | 1 |
_aWaite, Maurice, _eeditor. |
|
| 942 |
_2ddc _cTR |
||